• 首页
  • 本馆介绍
  • 公告通知
  • 最新文献
  • 馆藏检索
  • 电子资源
  • 读者导购
  • 参考咨询
  • 我的图书馆
  • 登录
  • 详细信息显示
  • 放入我的书架
  • 预约/预借图书
  • 作者相关作品
  • 分类相关作品
  • 丛书相关作品
  • 出版社相关作品

书目信息

  • 表格格式
  • 工作单格式
  • 卡片格式
题名:
中外舞蹈作品赏析
    
 
作者: 刘青弋 主编 ;矫立森 卷主编
分册: 第二卷   中外芭蕾舞作品赏析
出版信息: 上海   上海音乐出版社  2004
页数: 122页
开本: 23cm
丛书名:
单 册:
中图分类: J705 , J732.5
科图分类:
主题词: 舞蹈艺术--鉴赏--世界--高等学校--教材 , 芭蕾舞--舞蹈艺术--鉴赏--世界--高等学校--教材 , 舞蹈艺术 , 芭蕾舞
电子资源:
ISBN: 7-80667-601-5
000 01155nam0 2200301 450
001 1235507565
005 20121019095224.27
010    @a7-80667-601-5@dCNY23.00
100    @a20050104d2004 em y0chiy50 ea
101 0  @achi@eeng
102    @aCN@b310000
105    @aa z 000yy
200 1  @a中外舞蹈作品赏析@Azhong wai wu dao zuo pin shang xi@h第二卷@i中外芭蕾舞作品赏析@f刘青弋主编@g矫立森卷主编
210    @a上海@c上海音乐出版社@d2004
215    @a122页@c图@d23cm
300    @a北京舞蹈学院“十五”规划教材 舞蹈学科应用与基础理论教材系列 中外舞蹈作品赏析系列
330    @a本书为中外舞蹈作品赏析第二卷,系统地评介了芭蕾舞诞生与发展几百年来不同历史时期的代表作品。
510 1  @aAppreciation of International Dance Works@hVolumn Ⅱ@iAppreciation of International Ballet Works@zeng
606 0  @a舞蹈艺术@x鉴赏@y世界@x高等学校@j教材
606 0  @a芭蕾舞@x舞蹈艺术@x鉴赏@y世界@x高等学校@j教材
606 0  @a舞蹈艺术
606 0  @a芭蕾舞
690    @aJ705@v4
690    @aJ732.5@v4
701  0 @a刘青弋@Aliu qing yi@c(女,@f1954~)@4主编
702  0 @a矫立森@Ajiao li sen@4卷主编
801  0 @aCN@bNLC@c20101222
905    @a10447@dJ705@eJY30:2
    
    中外舞蹈作品赏析.第二卷.中外芭蕾舞作品赏析/刘青弋主编/矫立森卷主编.-上海:上海音乐出版社,2004
    122页:图;23cm
    北京舞蹈学院“十五”规划教材 舞蹈学科应用与基础理论教材系列 中外舞蹈作品赏析系列
    
    ISBN 7-80667-601-5:CNY23.00
    本书为中外舞蹈作品赏析第二卷,系统地评介了芭蕾舞诞生与发展几百年来不同历史时期的代表作品。
●
相关链接 在E读中查询图书 在五车中查询图书 在当当中查询图书 在豆瓣中查询图书


正题名:中外舞蹈作品赏析     索取号:J705/JY30:2         预约/预借

序号 登录号 条形码 馆藏地/架位号 状态 备注
1 7833917   278339175   学院路分馆/ [索取号:J705/JY30:2] 在馆    
2 7833918   278339184   学院路分馆/ [索取号:J705/JY30:2] 在馆    
3 7833919   278339193   学院路分馆/ [索取号:J705/JY30:2] 在馆    
唐山师范学院图书馆 欢迎您!
大连网信软件有限公司© 版权所有